000
00261nam a22001217a 4500
008
260218b ||||| |||| 00| 0 eng d
041
_a
Shqip
080
_a
2.1
100
_a
20.1
101
_a
Roman
245
_a
Mozaik Letrar
_c
Mensur Raifi
942
_2
lcc
_c
BK
999
_c
60820
_d
60820